00473 2200193 4500001002100000005001500021035002000036007000300056008004100059020001500100082001200115084001800127100002300145245002400168260003200192650003000224856001700254990000800271INLIS00000000000034520220602105156 a0010-0622000005ta220602 g 0 ind  a9799749123 a297.648 a297.648 MAJ p0 aMajdi Fathi Sayyid1 aPutri Putri teladan aJakarta :bAl-Jannah,c2003 4aSahabat Nabi Muhammad SAW aKoleksi Umum a792